|
|
|
|
| LEADER |
00842nam a2200241 a 4500 |
| 001 |
014127920 |
| 003 |
BD-DhAAL |
| 005 |
20171012094941.0 |
| 008 |
171012s1963 nyu 000 1 eng d |
| 999 |
|
|
|c 38424
|d 38424
|
| 020 |
|
|
|a 9846430100
|
| 040 |
|
|
|a Uk
|b eng
|c Uk
|d BD-DhAAL
|
| 082 |
|
|
|a 811/.5/2
|2 16
|
| 100 |
1 |
|
|a Sen, S.
|d 1874-1963.
|9 22477
|
| 245 |
1 |
0 |
|a Robert Frost Selected Poems /
|c S. Sen
|
| 260 |
|
|
|a Dhaka :
|b Friends' Book,
|c 2009
|
| 300 |
|
|
|a 302 p.;
|c 21 cm.
|
| 504 |
|
|
|a Includes bibliography.
|
| 541 |
1 |
|
|e 00010053
|
| 600 |
1 |
0 |
|a Frost, Robert,
|d 1874-1963.
|9 22478
|
| 852 |
4 |
|
|a Savar Campus Library
|j General Shelf.
|
| 942 |
0 |
0 |
|2 ddc
|c BK
|
| 952 |
|
|
|0 0
|1 0
|2 ddc
|4 0
|6 811_000000000000000__5_2_SEN
|7 0
|9 61555
|a SCL
|b SCL
|c GEN
|d 2017-10-12
|e Friends' Book Corner
|g 100.00
|l 3
|o 811.52 SEN
|p 3020007275
|r 2026-03-09
|s 2026-03-08
|t 1
|w 2017-10-12
|y BK
|